Discurso del Ministro de economía, industria y comercio de Costa Rica /
Guardado en:
| 主要作者: | |
|---|---|
| 格式: | Texto |
| 主題: | |
| 標簽: |
添加標簽
沒有標簽, 成為第一個標記此記錄!
|
MARC
| LEADER | 00000 a a2200000 04500 | ||
|---|---|---|---|
| 001 | 2566 | ||
| 003 | |||
| 040 | |||
| 100 | |a Sánchez Méndez, Jorge | ||
| 245 | |a Discurso del Ministro de economía, industria y comercio de Costa Rica / |c Jorge Sánchez Méndez | ||
| 650 | |a INTEGRACION REGIONAL | ||
| 773 | |g número 138; páginas 1-5 | ||
| 999 | |c 24184 |d 24184 | ||
